Регионална библиотека "Любен Каравелов" - Русе

Избрано (Запис номер 1650)

MARC детайли
000 -Лидер
Контролно поле с фиксирана дължина nam a22 a 4500
003 - Код на организацията, давaща контролен номер
Контролно поле BLK
005 - Дата и час на последна редакция
Контролно поле 20230412163159.0
008 - Елементи от данни с фиксирана дължина
fixed length control field 180412b bul|||||r ||||||| ||bul||
010 ## - Наследен системен номер
LC control number KNG00002517000
020 ## - Международен стандартен номер на книга ISBN
Международен стандартен номер на книга ISBN 954-450-007-3
040 ## - Източник на каталожния запис
Идентификатор на билиотеката - собственик на записа BLK
041 ## - Код за език
Код за езика на текст/звукозапис или на отделно заглавие Български
Код за езика КДБФ Български
080 ## - УДК
Текстов определител УДК Индивидуална психология. Психология на личността. Индивидуалност. Психология на характера. Характерология. Психологическа типология
УДК код - определител по УДК 159.923
УДК - код + определител 159.923
080 ## - УДК
Текстов определител УДК Безсъзнателно и подсъзнателно
УДК код - определител по УДК 159.964
УДК - код + определител 159.964
080 ## - УДК
Текстов определител УДК Психоанализата като лечебно средство
УДК код - определител по УДК 615.851.13
УДК - код + определител 615.851.13
100 1# - Редна дума - Автор
Автор Юнг, Карл Густав
Авторска отговорност първи автор
R(LIN) 244570
139 ## - Редно поле
Редна дума Юнг, Карл Густав
Авторски знак Юнг - Ю 24
245 10 - Сведения за заглавието
Заглавие Избрано
Подзаглавни данни Кн. 1 - 3
Редно поле (дума) Карл Густав Юнг; прев. на том Марина Бояджиева.
Том Кн. 3
257 ## - Страна на издаване
Страна на създаване/издаване Германия
260 ## - Област на издателските данни
Място на издаване, разпространение и проч. Плевен
Име на издателя, разпространителя и проч. ЕА
Година на издаване 1993
9 (RLIN) 211485
Издателство - префикс ISBN 978-954-450-
300 ## - Физическа характеристика
Размери/Мащаб 19 см
380 ## - Жанр
Жанр Философия
490 ## - СЕРИИ (Колекции)
Име на серия Библиотека Съвременни философи
№: серия 13
9 (RLIN) 203175
500 ## - Общи забележки
Забележка Прев. от амер. изд. The basic writings / C. G. Jung ; Ориг. загл. на нем. ез ; Офс. изд.
650 #4 - Допълнително описание по предмет – тема
Основно описание – тема или топоним Личност - психология
9 (RLIN) 243160
650 #4 - Допълнително описание по предмет – тема
Основно описание – тема или топоним Психоанализа
9 (RLIN) 168303
650 #4 - Допълнително описание по предмет – тема
Основно описание – тема или топоним Психотерапия
9 (RLIN) 168415
653 ## - Ключова дума – ненормативна
Ключова дума психоанализа
653 ## - Ключова дума – ненормативна
Ключова дума психология на личността
700 1# - Други автори (авторска отговорност)
Лично име Бояджиева, Марина
Автороска отговорност (Описва отношението между автора и произведението) прев. на том
9 (RLIN) 244571
760 1# - Описание на основната серия
Редна дума на основното описание Юнг, Карл Густав
Място на издаване, издател и година Евразия-Абагар, 1994
Страници - том 227 с.
Забележка - том Предм. показалец
Заглавие Кн. 3
852 ## - Местоположение
Форматна сигнатура Цб 173001
Фондова буква Хранилище
856 4# - Електронен адрес и достъп
Електронен формат pdf - файл
Път до файла /url/
Инструкция (цена за достъп) 0.00
Права за достъп disable
856 4# - Електронен адрес и достъп
Електронен формат pdf - файл
Път до файла /url/
Инструкция (цена за достъп) 0.00
Права за достъп disable
999 ## - СИСТЕМНИ КОНТРОЛНИ НОМЕРА
Koha biblionumber 1650
Koha biblioitemnumber 1650
942 ## - АРТИКУЛИ
Вид на библиотечния материал Книги
Скрит в OPAC Не
Периодичен библиозапис Да
944 ## - СЪЗДАВАНЕ И РЕДАКЦИЯ на ЗАПИСА
Създаване/Редакция Създаване
Дата на регистрацията/редакция 15.01.2003
Служител, извършил регистрацията/редакцията Геновева_Генчева
944 ## - СЪЗДАВАНЕ И РЕДАКЦИЯ на ЗАПИСА
Създаване/Редакция Редакция
Дата на регистрацията/редакция 05.01.2007
999 ## - СИСТЕМНИ КОНТРОЛНИ НОМЕРА
Koha biblioitemnumber 1650
999 ## - СИСТЕМНИ КОНТРОЛНИ НОМЕРА
Koha biblioitemnumber 1650
Наличности
Код за отписване Код за изгубен артикул Източник на класификационната схема Код за повреда Коз за рестрикции Код за отдаване Артикулен № Име на библиотеката - собственик Име на библиотеката, в която се намира в момента Статус (Текущо местоположение) Дата на вписване в системата Местоположение - отдел Цена в лева Инвентарен номер Систематично азбучна сигнатура Баркод Номер на екземпляра Цена в евро Служебна бележка Служебен тип на артикула
  Не е изгубен Universal Decimal Classification Не е повреден без рестрикции ползва се в читалня 3197 Регионална библиотека "Любен Каравелов" Русе Регионална библиотека "Любен Каравелов" Русе Хранилище 1994-01-01 Хранилище 0.76 604176 Цб 173001 120000604176 1 0.39 Дост: Dp Вид: Д N: стар фонд Дата: 01.01.1994 Книги
Vip Innovations Ltd, Rousse, Bulgaria 2025